[Event "Challenge"]
[Site "http://www.queenalice.com/game.php?id=488685"]
[Date "2008.11.6"]
[Round "-"]
[White "Mahalael"]
[Black "mountainmusic2"]
[Result "0-1"]
[WhiteElo "1508"]
[BlackElo "1933"]

1. e4 e5 2. Nf3 d6 3. Bc4 Nf6 4. Ng5 d5 5. exd5 Nxd5 6. Qf3 Qxg5 7. Bxd5 f5 8.
Bxb7 e4 9. Qb3 Qxg2 10. Rf1 Qxh2 11. Bxa8 Na6 12. d3 exd3 13. Bc6+ Kd8 14. Qf7
Qe5+ 15. Be3 Nb4 16. Na3 Nxc6 17. Nc4 Bb4+ 18. c3 Bxc3+ 19. Kd1 Qe6 20. Qxe6
Bxe6 21. Bg5+ Kd7 22. bxc3 Bxc4 23. Kd2 Re8 24. Rh1 Re2+ 25. Kc1 h6 26. Bh4 g5
27. Bg3 Rc2+ 28. Kb1 f4 29. Bh2 Bd5 30. Re1 Rxc3 31. Kb2 Rc2+ 32. Ka3 Rxf2 33.
Bg1 Rc2 34. Reb1 d2 35. Rd1 a5 0-1

[Event "Challenge"]
[Site "http://www.queenalice.com/game.php?id=544622"]
[Date "2009.2.22"]
[Round "-"]
[White "cristal_negro"]
[Black "mountainmusic2"]
[Result "0-1"]
[WhiteElo "1847"]
[BlackElo "1937"]

1. e4 e5 2. Nf3 Nc6 3. Bb5 a6 4. Bxc6 dxc6 5. Nxe5 Qd4 6. O-O Qxe5 7. Nc3 Be6 8.
d4 Qf6 9. Be3 Bc4 10. e5 Qh4 11. Re1 Bb4 12. a3 Bxc3 13. bxc3 O-O-O 14. f3 Ne7
15. Bf2 Qh5 16. Bg3 Nd5 17. Qd2 c5 18. Re4 h6 19. Rh4 Qf5 20. Re4 Kb8 21. Rae1
Rhe8 22. a4 Re6 23. f4 Red6 24. exd6 cxd6 25. dxc5 Ba2 26. c4 Nf6 27. cxd6 Nxe4
28. Qe3 Nxd6 29. Qe7 Qa5 30. f5 Kc8 31. Bxd6 Rxd6 32. h3 Bxc4 33. Re5 Qd8 34.
Rc5+ Rc6 35. Rxc6+ bxc6 36. Qxd8+ Kxd8 37. Kf2 Ke7 38. Ke3 Bf1 39. Kf3 g6 40.
fxg6 fxg6 41. h4 a5 42. g3 c5 43. Ke3 Bh3 44. Kd3 Bf5+ 45. Kc3 Be6 46. Kb2 Bd5
47. c3 c4 48. Kc2 Bc6 49. Kb2 Bxa4 50. Ka3 Bc6 51. Kb2 Ke6 52. Ka3 Kf5 53. Kb2
Kg4 0-1

[Event "Challenge"]
[Site "http://www.queenalice.com/game.php?id=581155"]
[Date "2009.5.1"]
[Round "-"]
[White "Pawngal"]
[Black "mountainmusic2"]
[Result "0-1"]
[WhiteElo "1311"]
[BlackElo "1949"]

1. e4 e5 2. Nf3 d6 3. Nc3 Nf6 4. Bb5+ c6 5. Ba4 Be6 6. O-O Qd7 7. d3 Be7 8. a3
O-O 9. Be3 b5 10. Bb3 Na6 11. Bxe6 Qxe6 12. b4 Ng4 13. h3 Nxe3 14. fxe3 Nc7 15.
a4 a5 16. axb5 axb4 17. Rxa8 Rxa8 18. b6 Ne8 19. Ne2 Rb8 20. Ng3 Rxb6 21. Nh5
Qh6 22. g4 g6 23. Qa1 gxh5 24. Qa8 Kf8 25. Qa7 Qxe3+ 26. Kh1 hxg4 27. hxg4 h6
28. Qa8 b3 29. cxb3 Qxd3 30. Nh2 Qxe4+ 31. Kg1 Rxb3 32. Qa2 Rg3+ 33. Kf2 Rg2#
0-1

[Event "Challenge"]
[Site "http://www.queenalice.com/game.php?id=650891"]
[Date "2009.9.12"]
[Round "-"]
[White "cristal_negro"]
[Black "mountainmusic2"]
[Result "0-1"]
[WhiteElo "1760"]
[BlackElo "1951"]

1. e4 e5 2. Nf3 Nc6 3. Bb5 Nge7 4. Ba4 d6 5. c3 Be6 6. d4 exd4 7. Nxd4 Bd7 8.
Bg5 f6 9. Bh4 Nxd4 10. Qxd4 Nc6 11. Bxc6 Bxc6 12. O-O Be7 13. Nd2 O-O 14. Rfe1
Kh8 15. a3 Qe8 16. Nc4 Qh5 17. Bg3 a5 18. b4 b6 19. a4 axb4 20. cxb4 Rxa4 21.
Rab1 Rfa8 22. Ne3 Ra2 23. Qc4 Qb5 24. Qf7 Bf8 25. Qxc7 R2a7 26. Bxd6 Rxc7 27.
Bxc7 Bxe4 28. Rb2 Bxb4 29. Reb1 Bxb1 30. Rxb1 Ra2 31. h3 Qc5 32. Bg3 b5 33. Kh2
Bc3 34. Rd1 Bd2 35. Nf1 Qc3 36. Bf4 Bxf4+ 37. Ng3 Qc7 38. f3 Bxg3+ 39. Kh1 b4
0-1

[Event "Challenge"]
[Site "http://www.queenalice.com/game.php?id=717999"]
[Date "2010.1.21"]
[Round "-"]
[White "cristal_negro"]
[Black "mountainmusic2"]
[Result "0-1"]
[WhiteElo "1806"]
[BlackElo "1959"]

1. e4 e5 2. Nf3 Nc6 3. Bb5 Nf6 4. O-O Bc5 5. c3 Nxe4 6. d4 exd4 7. Bxc6 dxc6 8.
cxd4 Bb4 9. Be3 O-O 10. a3 Bd6 11. Nbd2 Re8 12. Nc4 Be6 13. Nxd6 cxd6 14. Qc2
Bf5 15. Qb3 Qc7 16. Rac1 d5 17. Nh4 Be6 18. f3 Nf6 19. f4 Ng4 20. Bd2 Nf6 21. f5
Bd7 22. Rf2 Re4 23. Nf3 Bxf5 24. Qb4 Ng4 25. Rff1 Rae8 26. g3 Re2 27. Bf4 Qe7
28. Qc3 Ne3 29. Rfe1 Nc2 30. Rxe2 Qxe2 31. Bd2 Ne3 32. Bxe3 Rxe3 33. Qd2 Qxf3
34. Qf2 Qxf2+ 35. Kxf2 Rb3 36. Re1 Rxb2+ 37. Kg1 Be4 38. Re3 Rg2+ 39. Kf1 Rxh2
40. Rb3 b5 41. a4 Bc2 42. Rb2 Bd3+ 0-1

[Event "Challenge"]
[Site "http://www.queenalice.com/game.php?id=785655"]
[Date "2010.6.4"]
[Round "-"]
[White "cristal_negro"]
[Black "mountainmusic2"]
[Result "0-1"]
[WhiteElo "1731"]
[BlackElo "1969"]

1. e4 e5 2. Nf3 d6 3. Bc4 Nf6 4. d3 Nc6 5. c3 Be7 6. O-O O-O 7. Qa4 d5 8. exd5
Nxd5 9. Qb5 Nf4 10. Nxe5 Ne2+ 11. Kh1 Nxc1 12. Nxc6 bxc6 13. Qxc6 Bd7 14. Qf3
Bg5 15. Na3 Rb8 16. b3 Qe7 17. Raxc1 Bxc1 18. Rxc1 Qxa3 19. Rc2 Rbe8 20. h3 Re1+
21. Kh2 a5 22. d4 c6 23. Bd3 Rfe8 24. c4 Qd6+ 25. g3 Qxd4 26. Rd2 f5 27. Qf4
Qxf4 28. gxf4 Kh8 29. Kg2 c5 30. h4 g6 31. h5 gxh5 32. Kg3 Rh1 33. Be2 Rg8+ 34.
Kf3 Rh3# 0-1

[Event "Challenge"]
[Site "http://www.queenalice.com/game.php?id=829424"]
[Date "2010.9.7"]
[Round "-"]
[White "cristal_negro"]
[Black "mountainmusic2"]
[Result "0-1"]
[WhiteElo "1761"]
[BlackElo "1975"]

1. e4 e5 2. Nf3 Nc6 3. Bb5 Nge7 4. O-O d6 5. d4 Bd7 6. d5 Nb4 7. Bxd7+ Qxd7 8.
a3 Na6 9. Nc3 Nc5 10. a4 Qg4 11. Re1 a5 12. Nb5 O-O-O 13. Qe2 f5 14. h3 Qxe4 15.
Ng5 Qxd5 16. Be3 h6 17. Red1 Qg8 18. Nf3 Ne6 19. Qc4 Nc6 20. Nh4 f4 21. Ba7 Nc5
22. Rd5 Nb4 23. Rad1 Nxd5 24. Bxc5 dxc5 25. Ng6 c6 26. Nxh8 Qxh8 27. Nc3 Qh7 28.
Nxd5 cxd5 29. Rxd5 Rxd5 30. Qxd5 Qf5 31. Qc4 g5 32. f3 h5 33. Qe4 Qxe4 34. fxe4
c4 35. Kf1 Kc7 36. Ke2 Kc6 37. c3 Kc5 38. Kf3 b5 39. axb5 Kxb5 40. Ke2 a4 41.
Kd2 Kc6 42. Kc2 Bc5 43. Kd2 g4 44. hxg4 hxg4 45. Ke2 g3 46. Kd1 f3 0-1

[Event "Challenge"]
[Site "http://www.queenalice.com/game.php?id=869262"]
[Date "2010.12.8"]
[Round "-"]
[White "cristal_negro"]
[Black "mountainmusic2"]
[Result "0-1"]
[WhiteElo "1807"]
[BlackElo "1982"]

1. d4 d5 2. c4 Nc6 3. Nf3 Nf6 4. Nc3 e6 5. e3 Bd6 6. Be2 Bd7 7. O-O Qe7 8. c5
Bxc5 9. dxc5 Qxc5 10. Nb5 O-O-O 11. a3 Ne4 12. b4 Qb6 13. Bb2 a6 14. Nbd4 f6 15.
Bd3 Nxd4 16. Nxd4 e5 17. Nb3 Bf5 18. Qf3 Be6 19. Bxe4 dxe4 20. Qxe4 Bxb3 21.
Qg4+ Rd7 22. Bc3 Be6 23. Qe2 Rhd8 24. a4 Qc6 25. Qb2 Bc4 26. Rfe1 Rd3 27. Rec1
Kb8 28. b5 axb5 29. axb5 Qxb5 30. Qa3 Qa6 31. Qb2 Qb5 32. Qa3 Qa6 33. Qxa6 Bxa6
34. Be1 Bb5 35. Bb4 Bc6 36. h3 Rb3 37. Rab1 Rxb1 38. Rxb1 Be4 39. Rb2 Rd1+ 40.
Kh2 Rb1 41. Rxb1 Bxb1 42. Kg3 g6 43. h4 f5 44. f3 c6 45. Bd6+ Kc8 46. Bxe5 Kd7
47. f4 b5 48. Kf2 Be4 49. g3 b4 50. Ke2 Ke6 51. Kd2 h5 52. Kc1 c5 53. Bc7 c4 54.
Ba5 b3 55. Bc3 Kd5 56. Kb2 Kc5 57. Ka3 Bd3 58. Bf6 Kd5 59. Kb4 Ke4 60. Bd4 Kf3
61. Kc3 Kxg3 62. Bf6 Kf3 63. Bd4 Ke2 64. Kb2 Kd2 65. Bc5 Be4 66. Bd4 Bd5 67. Ka3
c3 68. Kb4 c2 69. Bb2 c1=Q 0-1

[Event "Challenge"]
[Site "http://www.queenalice.com/game.php?id=976033"]
[Date "2011.8.23"]
[Round "-"]
[White "cristal_negro"]
[Black "mountainmusic2"]
[Result "1-0"]
[WhiteElo "1817"]
[BlackElo "1991"]

1. e4 e5 2. Nf3 Nc6 3. Bb5 a6 4. Ba4 Nf6 5. Nc3 d6 6. a3 Be6 7. O-O Qd7 8. d4
exd4 9. Nxd4 b5 10. Ncxb5 Bc4 11. Nc3 Be7 12. Bxc6 Qxc6 13. Nxc6 Bxf1 14. Qxf1
Bf8 15. Qe1 g6 16. Nd5 Bg7 17. Nxc7+ Kd7 18. Nxa8 Rxa8 19. Nb4 a5 20. Nd3 Ng4
21. Qe2 h5 22. h3 Nf6 23. Qf3 a4 24. e5 dxe5 25. Qxa8 e4 26. Qxa4+ Ke7 27. Nf4
Bh6 28. Qb4+ Ke8 29. Be3 h4 30. Qb5+ Nd7 31. Rd1 Kf8 32. Rxd7 Bg5 33. Qb7 Kg7
34. Ne6+ Kh6 35. Nxg5 1-0

[Event "Challenge"]
[Site "http://www.queenalice.com/game.php?id=1022058"]
[Date "2012.1.30"]
[Round "-"]
[White "cristal_negro"]
[Black "mountainmusic2"]
[Result "0-1"]
[WhiteElo "1840"]
[BlackElo "1968"]

1. e4 e5 2. Nf3 Nc6 3. Bb5 Nge7 4. O-O d6 5. d4 Bd7 6. d5 Nb4 7. Nc3 Bxb5 8.
Nxb5 Qd7 9. a4 a6 10. Nc3 c6 11. dxc6 bxc6 12. b3 Ng6 13. Ba3 a5 14. Qd2 Be7 15.
Ne2 d5 16. exd5 cxd5 17. c3 Nc6 18. Bxe7 Ncxe7 19. Rfd1 f6 20. c4 d4 21. Nc3 Kf7
22. Ne4 Rhb8 23. Qc2 Kg8 24. Rd3 Nf4 25. Rdd1 Neg6 26. Ng3 Qb7 27. Rab1 Qc6 28.
Ne2 d3 29. Qd2 dxe2 30. Re1 e4 31. Nd4 e3 32. Nxc6 exd2 33. Nxb8 Rxb8 34. Rxe2
Nxe2+ 35. Kf1 Nc1 36. g3 d1=Q+ 37. Kg2 Nf4+ 38. gxf4 Qg4+ 39. Kh1 Qf3+ 0-1

[Event "The Game is afoot"]
[Site "http://www.queenalice.com/game.php?id=1071722"]
[Date "2012.6.14"]
[Round "-"]
[White "cristal_negro"]
[Black "mountainmusic2"]
[Result "0-1"]
[WhiteElo "1858"]
[BlackElo "1979"]

1. e4 e5 2. Nf3 d6 3. Bc4 Bg4 4. d3 Be7 5. Nbd2 Nf6 6. O-O O-O 7. a3 c6 8. b4
Nbd7 9. Bb2 a5 10. b5 d5 11. exd5 cxd5 12. Ba2 e4 13. dxe4 dxe4 14. Re1 exf3 15.
Nxf3 Bc5 16. Bd4 Bxf3 17. Qxf3 Bxd4 18. Rad1 Qb6 19. a4 Rfe8 20. Rf1 Re4 21. c3
Ne5 22. Qg3 Rg4 23. Qh3 Bxf2+ 24. Rxf2 Ne4 25. Rf1 Rf4 0-1

[Event "Challenge"]
[Site "http://www.queenalice.com/game.php?id=1090999"]
[Date "2012.8.7"]
[Round "-"]
[White "cristal_negro"]
[Black "mountainmusic2"]
[Result "0-1"]
[WhiteElo "1832"]
[BlackElo "1990"]

1. d4 d5 2. Nf3 Nf6 3. Nc3 Bf5 4. Bd2 e6 5. Ne5 Nbd7 6. Bg5 Be7 7. g3 Nxe5 8.
dxe5 Nd7 9. Bxe7 Qxe7 10. Bg2 Qb4 11. Rb1 Nxe5 12. O-O O-O 13. a3 Qb6 14. Kh1
Rad8 15. Na4 Qa5 16. Qd4 Nc6 17. Qf4 Bxc2 18. Rbc1 Bxa4 19. e3 e5 20. Qg4 f5 21.
Qh4 Qb5 22. b4 Qd3 23. Rfe1 Qxa3 24. Ra1 Qc3 25. Reb1 Bc2 26. Rc1 Nxb4 27. h3
Nd3 28. Rf1 Nxf2+ 29. Kh2 Bd3 30. Rfc1 Qb2 31. Qa4 f4 32. exf4 exf4 33. gxf4
Nxh3 34. Kxh3 Rd6 35. Rg1 Bf5+ 36. Kh2 Qf2 37. Ra3 Rh6+ 0-1

[Event "Challenge"]
[Site "http://www.queenalice.com/game.php?id=1118552"]
[Date "2012.11.3"]
[Round "-"]
[White "cristal_negro"]
[Black "mountainmusic2"]
[Result "0-1"]
[WhiteElo "1824"]
[BlackElo "2000"]

1. d4 c6 2. c4 d5 3. Nf3 e6 4. Nc3 dxc4 5. e4 b5 6. a3 Bb7 7. Be2 Nd7 8. O-O
Ngf6 9. b4 a5 10. Rb1 axb4 11. axb4 Bxb4 12. Rxb4 Nb6 13. Bg5 O-O 14. e5 h6 15.
Bh4 Qe7 16. Qb1 Nbd5 17. Nxd5 exd5 18. Re1 g5 19. exf6 Qxf6 20. Bg3 Ra3 21. Ne5
Bc8 22. Qb2 Ra7 23. Ng4 Bxg4 24. Bxg4 Qg6 25. Be2 Rfa8 26. h3 Ra2 27. Qc3 R8a3
28. Qc1 c3 29. Qe3 Qe4 30. Qxe4 dxe4 31. f3 c2 32. Bxb5 cxb5 33. Kf1 Ra1 34. Bf2
Rxe1+ 35. Kxe1 c1=Q+ 0-1

[Event "Challenge"]
[Site "http://www.queenalice.com/game.php?id=1121771"]
[Date "2012.11.13"]
[Round "-"]
[White "calumvs"]
[Black "mountainmusic2"]
[Result "1/2-1/2"]
[WhiteElo "1669"]
[BlackElo "2000"]

1. Nf3 e6 2. g3 Nf6 3. Bg2 b6 4. O-O Bb7 5. d3 Be7 6. e4 O-O 7. Nc3 d6 8. Ne1
Nc6 9. f4 Nd4 10. Nf3 Nxf3+ 11. Bxf3 Qd7 12. Be3 c5 13. Qe2 e5 14. f5 d5 15.
exd5 Nxd5 16. Nxd5 Bxd5 17. Rae1 Bxf3 18. Rxf3 Qa4 19. a3 Rad8 20. h3 Rd7 21. g4
Bh4 22. Ref1 e4 23. dxe4 Qxe4 24. Qg2 Rfd8 25. Bf4 Qd4+ 26. Kh2 Qxb2 1/2-1/2

[Event "The King’s Conundrum"]
[Site "http://www.queenalice.com/game.php?id=1150010"]
[Date "2013.2.8"]
[Round "-"]
[White "calumvs"]
[Black "mountainmusic2"]
[Result "0-1"]
[WhiteElo "1886"]
[BlackElo "2009"]

1. e4 g5 2. d4 h6 3. c4 Nc6 4. Be3 Bg7 5. Nc3 d6 6. Nge2 Nf6 7. f3 Bd7 8. Ng3 e6
9. Be2 Qe7 10. O-O a5 11. Nb5 O-O-O 12. a3 h5 13. Bd3 h4 14. Ne2 g4 15. Rb1 h3
16. g3 gxf3 17. Rxf3 Ng4 18. b4 Nxe3 19. Rxe3 e5 20. c5 dxc5 21. dxc5 Bg4 22.
Qc2 Bh6 0-1

[Event "Challenge"]
[Site "http://www.queenalice.com/game.php?id=1156554"]
[Date "2013.3.1"]
[Round "-"]
[White "cristal_negro"]
[Black "mountainmusic2"]
[Result "0-1"]
[WhiteElo "1815"]
[BlackElo "2020"]

1. c4 e6 2. d4 Nf6 3. Nf3 b6 4. Nc3 Bb7 5. Bg5 h6 6. Bh4 g5 7. Nxg5 hxg5 8. Bxg5
Bh6 9. Qd2 Bxg5 10. Qxg5 Rg8 11. Qe3 Qe7 12. O-O-O d5 13. c5 Na6 14. cxb6 axb6
15. h3 c5 16. f4 Nb4 17. a3 Nc6 18. g4 cxd4 19. Rxd4 Qc5 20. Rd1 Qxe3+ 0-1

[Event "All the Kings Men"]
[Site "http://www.queenalice.com/game.php?id=1182025"]
[Date "2013.5.16"]
[Round "-"]
[White "calumvs"]
[Black "mountainmusic2"]
[Result "0-1"]
[WhiteElo "1881"]
[BlackElo "2028"]

1. e4 c5 2. Nf3 d6 3. a3 Nf6 4. c3 Nc6 5. Qc2 Bg4 6. Be2 d5 7. exd5 Qxd5 8. b4
Ne5 9. Nxe5 Qxe5 10. d3 O-O-O 11. bxc5 Bxe2 12. Qxe2 Qd5 13. O-O Qxd3 14. Qxd3
Rxd3 15. Be3 Kc7 16. c4 e5 17. Nd2 Bxc5 18. Bxc5 Rxd2 19. Be3 Rc2 20. c5 Nd5 21.
Rfe1 f5 22. Rec1 Rxc1+ 23. Rxc1 Kc6 24. a4 h6 25. h4 g5 26. hxg5 Nxe3 27. fxe3
hxg5 28. Rc4 Rh4 0-1

[Event "Challenge"]
[Site "http://www.queenalice.com/game.php?id=1201193"]
[Date "2013.7.20"]
[Round "-"]
[White "cristal_negro"]
[Black "mountainmusic2"]
[Result "0-1"]
[WhiteElo "1784"]
[BlackElo "2047"]

1. c4 e5 2. e4 Nf6 3. Nc3 Bc5 4. Nf3 Nc6 5. Na4 Nxe4 6. Nxc5 Nxc5 7. d4 exd4 8.
Nxd4 O-O 9. Nxc6 dxc6 10. Be2 Qxd1+ 11. Bxd1 Re8+ 12. Be3 Nd3+ 13. Ke2 Nxb2 14.
Bb3 Bf5 15. h3 Bd3+ 16. Ke1 Nxc4 17. Bxc4 Bxc4 18. a3 Bd5 19. Rg1 Rad8 20. a4 b6
21. g4 c5 22. Ra3 Bf3 23. Ra1 f6 24. Rg3 Bc6 25. Kf1 Rd7 26. g5 Kf7 27. h4 Re4
28. h5 Bxa4 29. g6+ hxg6 30. hxg6+ Ke6 31. Rf3 Bb5+ 32. Ke1 a5 33. Ra3 Rh4 0-1

[Event "The King's Conundrum"]
[Site "http://www.queenalice.com/game.php?id=1217770"]
[Date "2013.9.18"]
[Round "-"]
[White "calumvs"]
[Black "mountainmusic2"]
[Result "0-1"]
[WhiteElo "1863"]
[BlackElo "2038"]

1. d4 d5 2. c4 dxc4 3. Nc3 a6 4. a4 Nf6 5. Bg5 Nc6 6. e3 e5 7. d5 Na5 8. Nf3 Bg4
9. Be2 Bb4 10. O-O h6 11. Bh4 g5 12. Bg3 e4 13. Ne1 Bxe2 14. Qxe2 Bxc3 15. bxc3
Nxd5 16. Qc2 Qe7 17. Qb2 O-O 18. Nc2 Nb3 19. Rad1 c6 20. Nd4 Nxd4 21. Rxd4 b5
22. Ra1 f5 23. Qc2 Rfd8 24. axb5 axb5 25. Qb2 Rxa1+ 26. Qxa1 f4 27. exf4 gxf4
28. Rxd5 Rxd5 29. Bxf4 Qd7 0-1

[Event "The King's Cri de Coeur"]
[Site "http://www.queenalice.com/game.php?id=1251098"]
[Date "2014.1.25"]
[Round "-"]
[White "calumvs"]
[Black "mountainmusic2"]
[Result "0-1"]
[WhiteElo "1854"]
[BlackElo "2052"]

1. c4 e5 2. Nc3 Nf6 3. g3 Nc6 4. Bg2 g6 5. d3 h6 6. e4 Bc5 7. h3 d6 8. Nge2 Bd7
9. O-O Qe7 10. a3 O-O-O 11. b4 Bb6 12. Na4 Bd4 13. Nxd4 Nxd4 14. b5 Nh5 15. Nc3
Nf6 16. a4 Kb8 17. a5 g5 18. b6 Rc8 19. bxa7+ Kxa7 20. a6 bxa6 21. Be3 Rb8 22.
Ra3 Rb6 23. Kh2 Rhb8 24. Qa1 c5 25. Rc1 g4 26. h4 Nb3 27. Qa2 Nxc1 28. Qc2 Nb3
29. Bxh6 Nd4 30. Qa2 Nf3+ 31. Bxf3 gxf3 32. Bg5 Qe6 33. Bxf6 Qh3+ 34. Kg1 Qg2#
0-1

[Event "Challenge"]
[Site "http://www.queenalice.com/game.php?id=1266590"]
[Date "2014.3.20"]
[Round "-"]
[White "cristal_negro"]
[Black "mountainmusic2"]
[Result "0-1"]
[WhiteElo "1786"]
[BlackElo "2077"]

1. d4 d5 2. c4 Nf6 3. Nf3 Nc6 4. Nc3 Bf5 5. e3 e6 6. Bd3 dxc4 7. Bxc4 Be7 8. a3
O-O 9. O-O Qd6 10. Re1 Na5 11. Ba2 Ne4 12. Nb5 Qc6 13. a4 Bb4 14. Ne5 Qb6 15.
Rf1 Nf6 16. Qf3 a6 17. Nc3 c5 18. Bd2 cxd4 19. exd4 Qxd4 20. Qe3 Rfd8 21. Qxd4
Rxd4 22. Be3 Rd6 23. Ne2 Nd5 24. Bd4 Nf4 25. Nxf4 Rxd4 26. Ne2 Re4 27. Ng3 Rxe5
28. Nxf5 Rxf5 29. Rac1 Nc6 30. Bc4 Rc8 31. b3 Na5 32. Bd3 Rfc5 33. Rxc5 Rxc5 34.
h3 Nxb3 35. Rb1 Rc3 36. Rd1 f5 37. g3 Nc5 38. Bf1 Ra3 39. Rb1 Rxa4 40. Bc4 b5
41. Bf1 e5 42. h4 g6 43. Bg2 a5 44. Bc6 Ra3 45. Bxb5 Ne4 46. Bc6 Kg7 47. Kg2 Rc3
48. Rd1 Rxc6 0-1

[Event "The Scapegoat's Agony"]
[Site "http://www.queenalice.com/game.php?id=1293999"]
[Date "2014.7.11"]
[Round "-"]
[White "calumvs"]
[Black "mountainmusic2"]
[Result "0-1"]
[WhiteElo "1866"]
[BlackElo "2060"]

1. e4 g5 2. Bc4 e6 3. d4 d5 4. exd5 exd5 5. Bd3 a5 6. Qh5 h6 7. Nh3 Nf6 8. Qe2+
Qe7 9. O-O Qxe2 10. Bxe2 Bxh3 11. gxh3 Nc6 12. Bb5 O-O-O 13. c3 Bd6 14. Nd2 Na7
15. Ba4 c6 16. Nf3 Rhe8 17. Bd2 Ne4 18. Be3 f5 19. Kg2 f4 20. Bc1 Rd7 21. a3
Rde7 22. Bd2 Nxd2 23. Nxd2 Re2 24. Rad1 R8e3 25. Bc2 Kc7 26. Bf5 h5 27. c4 dxc4
28. Nxc4 f3+ 29. Kg1 Rb3 30. Nxa5 Rb5 31. Nc4 Rxf5 32. Nxd6 Kxd6 0-1

[Event "Brìgh gach cluiche gu dheireadh"]
[Site "http://www.queenalice.com/game.php?id=1323623"]
[Date "2014.11.22"]
[Round "-"]
[White "calumvs"]
[Black "mountainmusic2"]
[Result "0-1"]
[WhiteElo "1888"]
[BlackElo "2068"]

1. e4 e5 2. Nf3 Nc6 3. c3 Nf6 4. d4 d5 5. dxe5 Nxe4 6. Bb5 Bc5 7. O-O O-O 8. h3
f6 9. exf6 Rxf6 10. Nbd2 Bf5 11. Nb3 Bb6 12. Bxc6 bxc6 13. Nbd4 Qd6 14. Nxf5
Rxf5 15. a4 Raf8 16. a5 Rxf3 17. gxf3 Qg3+ 18. Kh1 Qxh3+ 19. Kg1 Rf6 0-1

[Event "The King's Dance with Disaster"]
[Site "http://www.queenalice.com/game.php?id=1347234"]
[Date "2015.3.13"]
[Round "-"]
[White "mountainmusic2"]
[Black "calumvs"]
[Result "1-0"]
[WhiteElo "2081"]
[BlackElo "1902"]

1. Nf3 d5 2. d4 Bf5 3. c4 dxc4 4. Nc3 Nc6 5. e4 Bg4 6. Bxc4 e6 7. Be3 Nf6 8. Bb5
Be7 9. Bxc6+ bxc6 10. O-O O-O 11. h3 Bh5 12. g4 Bg6 13. Qc2 Nd5 14. Ne5 Nxe3 15.
fxe3 Qd6 16. Ne2 c5 17. Nxg6 hxg6 18. e5 Qb6 19. Rad1 Rab8 20. Rd2 Bg5 21. Qc3
Qb4 22. Rc1 cxd4 23. Nxd4 Rfd8 24. Nc6 Bxe3+ 25. Qxe3 1-0